000 nam a22 a 4500
999 _c454
_d454
003 AKMAL
005 20170504090731.0
008 170504s2005 my a e | 000 0 may d
020 _a9833372481
_qpaperback :
_cRM27.00
040 _aAKMAL
082 0 4 _a153.42 AIN
_222
090 2 0 _a153.42
_bAIN
100 0 _aAinon Muhammad,
_d1950-
_eauthor.
_9343
245 1 0 _aBerfikir secara logik & kritis :
_bpanduan meningkatkan ketajaman analisis dan membuat keputusan /
_cAinon Mohd., Abdullah Hassan
246 3 _aBerfikir secara logik dan kritis :
_bpanduan meningkatkan ketajaman analisis dan membuat keputusan
264 1 _aBentong, Pahang :
_bPTS Millennia,
_c2005
300 _aviii, 291 pages :
_billustration ;
_c23 cm.
490 0 _aSiri minda kreatif
520 _aDiadaptasikan daripada buku bertajuk Pemikiran logikal dan kritikal
533 _bBatu Caves, Selangor
_cPTS Publishing House,
_d2014.
_nAvailable via World Wide Web
650 1 0 _aThought and thinking
_9913
650 2 0 _aCreative thinking
_91035
650 2 0 _aCritical thinking
_91062
700 0 _aAbdullah Hassan,
_d1942-
_eauthor.
_9341
830 0 _aSiri minda kreatif
_91063
942 _2ddc
_cBOOK